[Event "KGZ Olimp U16 qual"]
[Site "Bishkek"]
[Date "2019.09.08"]
[Round "6"]
[White "Onufrienko, Vladislav"]
[Black "Tynybekov, Bakyt"]
[Result "1/2-1/2"]
[WhiteElo "1858"]
[BlackElo "1716"]
[PlyCount "54"]
[EventDate "2019.09.05"]
[EventType "swiss"]
[EventRounds "9"]
[EventCountry "KGZ"]
[SourceTitle "CBM 195 Extra"]
[Source "ChessBase"]
[SourceDate "2020.05.31"]
[SourceVersion "1"]
[SourceVersionDate "2020.05.31"]
[SourceQuality "1"]

1. e4 c5 2. Nc3 d6 3. d4 cxd4 4. Qxd4 Nc6 5. Qd2 Nf6 6. b3 g6 7. Bb2 Bg7 8. 0-0-0 Be6 9. f3 a6 10. Nge2 0-0 11. Nf4 Bh6 12. g4 Bxg4 13. fxg4 e5 14. Kb1 Bxf4 15. Qg2 b5 16. g5 Ne8 17. h4 Nc7 18. Ne2 Ne6 19. Qf3 Qc7 20. Ba3 b4 21. Bb2 a5 22. Nxf4 Nxf4 23. Bc4 Nh5 24. Qd3 Rad8 25. Qe3 Rfe8 26. Rhf1 Rd7 27. Rf2 Rf8 1/2-1/2

[Event "KGZ Olimp U16 qual"]
[Site "Bishkek"]
[Date "2019.09.06"]
[Round "3"]
[White "Tynybekov, Bakyt"]
[Black "Orozbaev, Eldiar"]
[Result "0-1"]
[WhiteElo "1716"]
[BlackElo "1908"]
[PlyCount "70"]
[EventDate "2019.09.05"]
[EventType "swiss"]
[EventRounds "9"]
[EventCountry "KGZ"]
[SourceTitle "CBM 195 Extra"]
[Source "ChessBase"]
[SourceDate "2020.05.31"]
[SourceVersion "1"]
[SourceVersionDate "2020.05.31"]
[SourceQuality "1"]

1. d4 f5 2. Bf4 Nf6 3. Nf3 g6 4. e3 Bg7 5. Bd3 0-0 6. c3 d6 7. Nbd2 c6 8. 0-0 Nbd7 9. h3 Kh8 10. Bg3 Qe8 11. a4 e5 12. dxe5 dxe5 13. Bc4 Qe7 14. Qe2 e4 15. Nd4 Ne5 16. Bb3 c5 17. Nb5 a6 18. Na3 Nh5 19. Bh2 Nd3 20. Nac4 Be6 21. Bd6 Qg5 22. a5 Rad8 23. Bh2 Bxc4 24. Nxc4 f4 25. exf4 Nhxf4 26. Qg4 Qe7 27. Bxf4 Nxf4 28. Rfe1 Rd5 29. h4 Rd3 30. Re3 Rxe3 31. fxe3 h5 32. Qg5 Ne2+ 33. Kh2 Qc7+ 34. Kh1 Kh7 35. Bc2 Rf5 0-1

[Event "KGZ-ch"]
[Site "Bishkek"]
[Date "2019.04.19"]
[Round "7"]
[White "Tynybekov, Bakyt"]
[Black "Akmatov, Altay"]
[Result "1-0"]
[WhiteElo "1748"]
[BlackElo "1866"]
[PlyCount "93"]
[EventDate "2019.04.13"]
[EventType "swiss"]
[EventRounds "9"]
[EventCountry "KGZ"]
[SourceTitle "CBM 190 Extra"]
[Source "ChessBase"]
[SourceDate "2019.07.15"]
[SourceVersion "1"]
[SourceVersionDate "2019.07.15"]
[SourceQuality "1"]

1. d4 Nf6 2. Nf3 e6 3. g3 c5 4. Bg2 cxd4 5. Nxd4 d5 6. 0-0 e5 7. Nf3 Nc6 8. c4 d4 9. e3 Be7 10. exd4 exd4 11. Bf4 0-0 12. Ne5 Qb6 13. Qb3 Qxb3 14. axb3 Nxe5 15. Bxe5 Rd8 16. h3 Ne8 17. Rd1 Bf6 18. Bxf6 Nxf6 19. Na3 Bf5 20. Rd2 Ne4 21. Bxe4 Bxe4 22. Nb5 a5 23. Rxd4 Bc6 24. Rxa5 g6 25. Rxa8 Rxa8 26. Nc3 Bf3 27. g4 Ra1+ 28. Kh2 Rc1 29. Rd2 g5 30. Kg3 Bc6 31. Nd5 Kf8 32. f4 h6 33. fxg5 hxg5 34. Ne3 Rg1+ 35. Ng2 Kg7 36. Kh2 Rf1 37. b4 b5 38. cxb5 Bxb5 39. Ne3 Rf3 40. Nf5+ Kf8 41. Rd8+ Be8 42. Rb8 Rd3 43. b5 f6 44. b6 Kf7 45. b7 Rd2+ 46. Kg1 Rxb2 47. Nd6+ 1-0

[Event "KGZ-ch"]
[Site "Bishkek"]
[Date "2019.04.17"]
[Round "5"]
[White "Tynybekov, Bakyt"]
[Black "Zhusupov, Mairambek"]
[Result "1/2-1/2"]
[WhiteElo "1748"]
[BlackElo "1774"]
[PlyCount "80"]
[EventDate "2019.04.13"]
[EventType "swiss"]
[EventRounds "9"]
[EventCountry "KGZ"]
[SourceTitle "CBM 190 Extra"]
[Source "ChessBase"]
[SourceDate "2019.07.15"]
[SourceVersion "1"]
[SourceVersionDate "2019.07.15"]
[SourceQuality "1"]

1. d4 Nf6 2. c4 c5 3. e3 g6 4. Nc3 Bg7 5. Nf3 0-0 6. g3 b6 7. Bg2 Bb7 8. 0-0 Na6 9. b3 Nc7 10. Bb2 Ne4 11. Qe2 Nxc3 12. Bxc3 d6 13. Rad1 Qc8 14. Rd2 cxd4 15. Bxd4 Bxd4 16. Nxd4 Bxg2 17. Kxg2 Ne6 18. Nxe6 Qxe6 19. Qd3 Rac8 20. f4 Rc5 21. e4 f5 22. Re1 Rf7 23. Rde2 fxe4 24. Rxe4 Qd7 25. Qe3 Kf8 26. Qd4 Kg8 27. Kf3 Rcf5 28. R1e2 Rc5 29. Kg2 Rcf5 30. h3 Qb7 31. Kh2 Qc7 32. Kg1 Rc5 33. g4 b5 34. cxb5 Rxb5 35. Rxe7 Rxe7 36. Rxe7 Qxe7 37. Qc4+ d5 38. Qxb5 Qe3+ 39. Kg2 Qe4+ 40. Kg3 Qe3+ 1/2-1/2

[Event "KGZ-ch"]
[Site "Bishkek"]
[Date "2019.04.16"]
[Round "4"]
[White "Kazakbaev, Sezdbek"]
[Black "Tynybekov, Bakyt"]
[Result "0-1"]
[WhiteElo "1805"]
[BlackElo "1748"]
[PlyCount "47"]
[EventDate "2019.04.13"]
[EventType "swiss"]
[EventRounds "9"]
[EventCountry "KGZ"]
[SourceTitle "CBM 190 Extra"]
[Source "ChessBase"]
[SourceDate "2019.07.15"]
[SourceVersion "1"]
[SourceVersionDate "2019.07.15"]
[SourceQuality "1"]

1. e4 e6 2. d4 d5 3. Nc3 Nf6 4. e5 Nfd7 5. Nce2 c5 6. c3 Nc6 7. Nf3 Qb6 8. g3 cxd4 9. cxd4 Bb4+ 10. Nc3 Na5 11. Bd3 Qc6 12. Bd2 Nc4 13. Qc2 h6 14. 0-0 0-0 15. Rac1 Ndb6 16. Bf4 Bxc3 17. Qxc3 Na4 18. Qb4 Naxb2 19. Bh7+ Kxh7 20. Qxf8 b6 21. Qxf7 Qd7 22. Qh5 Qe7 23. Qg4 Qf7 24. Nh4 0-1

[Event "KGZ-ch"]
[Site "Bishkek"]
[Date "2019.04.15"]
[Round "3"]
[White "Tynybekov, Bakyt"]
[Black "Iuldashev, Akmataly"]
[Result "1/2-1/2"]
[WhiteElo "1748"]
[BlackElo "1637"]
[PlyCount "109"]
[EventDate "2019.04.13"]
[EventType "swiss"]
[EventRounds "9"]
[EventCountry "KGZ"]
[SourceTitle "CBM 190 Extra"]
[Source "ChessBase"]
[SourceDate "2019.07.15"]
[SourceVersion "1"]
[SourceVersionDate "2019.07.15"]
[SourceQuality "1"]

1. d4 d5 2. c4 c6 3. Nc3 Nf6 4. Nf3 e6 5. e3 Bd6 6. a3 a5 7. Bd2 0-0 8. Be2 Re8 9. 0-0 h6 10. Qc2 Nbd7 11. c5 Bc7 12. b4 e5 13. dxe5 Nxe5 14. Nd4 Neg4 15. h3 axb4 16. axb4 Rxa1 17. Rxa1 Ne5 18. Ra8 g6 19. b5 Qd7 20. f4 Nc4 21. Bxc4 dxc4 22. Qa4 Kg7 23. Qxc4 cxb5 24. Ncxb5 Ne4 25. Bc3 Kh7 26. Na7 Ng3 27. c6 bxc6 28. Nxc8 Rxe3 29. Nd6 Bxd6 30. Nf5 Rxc3 31. Rh8+ Kxh8 32. Qxc3+ f6 33. Qxf6+ Kh7 34. Nxg3 Qe7 35. Qxe7+ Bxe7 36. Ne4 Kg7 37. Kf2 Kf7 38. Ke3 c5 39. Nd2 Ke6 40. Ke4 h5 41. g3 Bf6 42. g4 Bc3 43. Nf3 Bb2 44. Nh4 Kf6 45. g5+ Kf7 46. Kd5 Bc1 47. Ng2 c4 48. Ke5 Bd2 49. Kd4 c3 50. Kd3 Ke6 51. Nh4 Bxf4 52. Kxc3 Bxg5 53. Nxg6 Kf7 54. Ne5+ Ke6 55. Nf3 1/2-1/2

[Event "KGZ-ch U20"]
[Site "Bishkek"]
[Date "2019.03.24"]
[Round "6"]
[White "Mirlan Uulu, Syimyk"]
[Black "Tynybekov, Bakyt"]
[Result "1/2-1/2"]
[WhiteElo "1773"]
[BlackElo "1678"]
[PlyCount "75"]
[EventDate "2019.03.19"]
[EventType "swiss"]
[EventRounds "9"]
[EventCountry "KGZ"]
[SourceTitle "CBM 190 Extra"]
[Source "ChessBase"]
[SourceDate "2019.07.15"]
[SourceVersion "1"]
[SourceVersionDate "2019.07.15"]
[SourceQuality "1"]

1. e4 c5 2. Nf3 Nc6 3. d4 cxd4 4. Nxd4 Nf6 5. Nc3 d6 6. Be2 g6 7. Be3 Bg7 8. 0-0 0-0 9. f4 a6 10. g4 Nxg4 11. Nxc6 Nxe3 12. Nxd8 Nxd1 13. Raxd1 Rxd8 14. Nd5 Kf8 15. Nb6 Rb8 16. Nxc8 Rbxc8 17. c3 e6 18. Kf2 Ke7 19. Rd3 Rc4 20. Re3 Rc5 21. Rd1 f5 22. Rh3 h6 23. Rg3 g5 24. fxg5 fxe4 25. h4 Rf5+ 26. Ke3 d5 27. Bg4 Rff8 28. Rgg1 Be5 29. g6 Bf4+ 30. Ke2 h5 31. Bxh5 Rh8 32. g7 Rxh5 33. g8Q Rxg8 34. Rxg8 Rxh4 35. Rdg1 Rh3 36. R1g2 Rd3 37. R8g7+ Kf6 38. Rxb7 1/2-1/2

[Event "KGZ-ch U20"]
[Site "Bishkek"]
[Date "2019.03.23"]
[Round "5"]
[White "Tynybekov, Bakyt"]
[Black "Abylkasymov, Kairatbek"]
[Result "0-1"]
[WhiteElo "1678"]
[BlackElo "1880"]
[PlyCount "64"]
[EventDate "2019.03.19"]
[EventType "swiss"]
[EventRounds "9"]
[EventCountry "KGZ"]
[SourceTitle "CBM 190 Extra"]
[Source "ChessBase"]
[SourceDate "2019.07.15"]
[SourceVersion "1"]
[SourceVersionDate "2019.07.15"]
[SourceQuality "1"]

1. d4 Nf6 2. Nf3 e6 3. c4 b6 4. g3 Ba6 5. b3 Bb4+ 6. Bd2 Be7 7. Bg2 d5 8. 0-0 c6 9. Qc2 0-0 10. Ne5 Nfd7 11. Nxd7 Nxd7 12. e4 Rc8 13. Be3 Bf6 14. f4 c5 15. e5 Be7 16. Nd2 cxd4 17. Bxd4 Qc7 18. Qb2 dxc4 19. bxc4 Nc5 20. f5 Rfd8 21. Be3 Nd3 22. Qb1 Qxe5 23. Be4 Bf6 24. fxe6 fxe6 25. Qc2 Bxc4 26. Rad1 Nb4 27. Nxc4 Nxc2 28. Rxd8+ Rxd8 29. Bxc2 Qc3 30. Bb3 b5 31. Bd2 Rxd2 32. Nxd2 Qxd2 0-1

[Event "KGZ-ch U20"]
[Site "Bishkek"]
[Date "2019.03.19"]
[Round "1"]
[White "Tynybekov, Bakyt"]
[Black "Sezdbekov, Ruslan"]
[Result "0-1"]
[WhiteElo "1678"]
[BlackElo "2187"]
[PlyCount "94"]
[EventDate "2019.03.19"]
[EventType "swiss"]
[EventRounds "9"]
[EventCountry "KGZ"]
[SourceTitle "CBM 190 Extra"]
[Source "ChessBase"]
[SourceDate "2019.07.15"]
[SourceVersion "1"]
[SourceVersionDate "2019.07.15"]
[SourceQuality "1"]

1. d4 f5 2. c4 Nf6 3. Nc3 g6 4. g3 Bg7 5. Bg2 0-0 6. Nf3 d6 7. 0-0 Nc6 8. Bf4 Ne4 9. Qd3 e5 10. dxe5 dxe5 11. Qxd8 Rxd8 12. Bg5 Nxc3 13. Bxd8 Nxe2+ 14. Kh1 Nxd8 15. Rfe1 e4 16. Rxe2 exf3 17. Bxf3 Kf8 18. Rae1 Bf6 19. Re8+ Kg7 20. b4 c6 21. b5 Kf7 22. a4 Bd7 23. R8e2 Ne6 24. Rd1 Nc5 25. Red2 Be8 26. bxc6 bxc6 27. Rd6 Rc8 28. a5 Be7 29. R6d2 Rb8 30. Re2 Bf8 31. g4 Rb3 32. Kg2 Ne6 33. Re3 Rxe3 34. fxe3 Kf6 35. Rb1 Bc5 36. e4 fxg4 37. Bxg4 Ke5 38. Bxe6 Kxe6 39. Rb7 h5 40. Rc7 g5 41. Rc8 Kd7 42. Rb8 Bg6 43. e5 Be4+ 44. Kg3 Bd4 45. e6+ Kxe6 46. Re8+ Kf5 47. Rf8+ Kg6 0-1

[Event "KGZ-ch FL"]
[Site "Bishkek"]
[Date "2019.03.08"]
[Round "6"]
[White "Tynybekov, Bakyt"]
[Black "Zhusupov, Mairambek"]
[Result "1-0"]
[WhiteElo "1678"]
[BlackElo "1766"]
[PlyCount "61"]
[EventDate "2019.03.03"]
[EventType "swiss"]
[EventRounds "9"]
[EventCountry "KGZ"]
[SourceTitle "EXT 2021"]
[Source "ChessBase"]
[SourceDate "2020.10.23"]
[SourceVersion "1"]
[SourceVersionDate "2020.10.23"]
[SourceQuality "1"]

1. d4 Nf6 2. c4 e6 3. Nc3 Bb4 4. Nf3 Bxc3+ 5. bxc3 Ne4 6. Qc2 f5 7. Bf4 b6 8. e3 Bb7 9. h4 0-0 10. Bd3 Nf6 11. Rd1 Be4 12. Bxe4 Nxe4 13. d5 d6 14. Nd4 e5 15. Nxf5 Rxf5 16. Qxe4 Qf6 17. g4 Rxf4 18. exf4 Nd7 19. g5 Qxf4 20. Qxf4 exf4 21. Rd4 Ne5 22. Kd1 Rf8 23. Kc2 Rf5 24. Re4 Kf7 25. h5 Ke7 26. Rh4 f3 27. h6 g6 28. Rhf4 Rxg5 29. Rxf3 Rg4 30. Rfe3 Rxe4 31. Rxe4 1-0

[Event "KGZ-ch U16"]
[Site "Bishkek"]
[Date "2019.01.11"]
[Round "8"]
[White "Akmatov, Altay"]
[Black "Tynybekov, Bakyt"]
[Result "0-1"]
[WhiteElo "1889"]
[BlackElo "1671"]
[PlyCount "74"]
[EventDate "2019.01.04"]
[EventType "swiss"]
[EventRounds "9"]
[EventCountry "KGZ"]
[SourceTitle "CBM 189 Extra"]
[Source "ChessBase"]
[SourceDate "2019.06.03"]
[SourceVersion "1"]
[SourceVersionDate "2019.06.03"]
[SourceQuality "1"]

1. d4 d5 2. c4 e6 3. Nc3 Nf6 4. Bg5 Be7 5. cxd5 Nxd5 6. Bxe7 Qxe7 7. e4 Nxc3 8. bxc3 0-0 9. Nf3 c5 10. Be2 cxd4 11. cxd4 Qb4+ 12. Qd2 Qxd2+ 13. Kxd2 Nc6 14. Rhd1 Rd8 15. Ke3 b6 16. Rac1 Bb7 17. Ba6 Na5 18. Bxb7 Nxb7 19. Rc7 Nd6 20. Ne5 Rac8 21. Rdc1 f6 22. Nd3 Rxc7 23. Rxc7 Nb5 24. Rc4 Rd7 25. Nf4 Kf7 26. a4 Rc7 27. Rxc7+ Nxc7 28. Kd3 e5 29. Ne2 Ne6 30. Kc4 exd4 31. Kb5 d3 32. Nc3 d2 33. f3 Nc5 34. a5 Nd3 35. axb6 axb6 36. Nd1 Ne1 37. Kxb6 Nxg2 0-1

[Event "KGZ-ch U16"]
[Site "Bishkek"]
[Date "2019.01.10"]
[Round "7"]
[White "Tynybekov, Bakyt"]
[Black "Kerimkulov, Omurbek"]
[Result "1-0"]
[WhiteElo "1671"]
[BlackElo "1649"]
[PlyCount "85"]
[EventDate "2019.01.04"]
[EventType "swiss"]
[EventRounds "9"]
[EventCountry "KGZ"]
[SourceTitle "CBM 189 Extra"]
[Source "ChessBase"]
[SourceDate "2019.06.03"]
[SourceVersion "1"]
[SourceVersionDate "2019.06.03"]
[SourceQuality "1"]

1. d4 e6 2. c4 f5 3. Nc3 Nf6 4. Bf4 d5 5. e3 Bd6 6. Bxd6 Qxd6 7. Nf3 0-0 8. a3 c6 9. c5 Qe7 10. b4 b6 11. Be2 Bb7 12. 0-0 Nbd7 13. Qb3 Ne4 14. Rac1 Ndf6 15. h3 Nxc3 16. Rxc3 Ne4 17. Rc2 f4 18. cxb6 axb6 19. Ne5 Qg5 20. Bf3 Rf6 21. Bxe4 dxe4 22. exf4 Qxf4 23. Re1 Rd8 24. Qe3 Qxe3 25. fxe3 Ra8 26. Ra1 g5 27. Nd7 Rf5 28. Nxb6 Raf8 29. Nd7 R8f7 30. Nc5 Bc8 31. Nxe4 Rd7 32. Rf2 Rxf2 33. Kxf2 Rg7 34. Rc1 e5 35. dxe5 Rf7+ 36. Nf6+ Kg7 37. Rxc6 Bb7 38. Rd6 Bc8 39. Rd8 Bf5 40. Rg8+ Kh6 41. g4 Bg6 42. Rd8 Ra7 43. Rd7 1-0

[Event "KGZ-ch U16"]
[Site "Bishkek"]
[Date "2019.01.09"]
[Round "6"]
[White "Nurlanov, Nurmukhammad"]
[Black "Tynybekov, Bakyt"]
[Result "0-1"]
[WhiteElo "1644"]
[BlackElo "1671"]
[PlyCount "62"]
[EventDate "2019.01.04"]
[EventType "swiss"]
[EventRounds "9"]
[EventCountry "KGZ"]
[SourceTitle "CBM 189 Extra"]
[Source "ChessBase"]
[SourceDate "2019.06.03"]
[SourceVersion "1"]
[SourceVersionDate "2019.06.03"]
[SourceQuality "1"]

1. d4 d5 2. c4 e6 3. Nc3 Nf6 4. cxd5 exd5 5. Bg5 c6 6. Qc2 Bd6 7. e3 0-0 8. Bd3 h6 9. Bh4 Re8 10. Nge2 Nbd7 11. h3 Nf8 12. 0-0-0 Bd7 13. g4 g5 14. Bg3 Bxg3 15. Nxg3 Rc8 16. Nf5 Bxf5 17. Bxf5 Rc7 18. Kb1 Kg7 19. h4 Ng6 20. h5 Nh4 21. Rdg1 Nxf5 22. gxf5 Nh7 23. Ne2 Kh8 24. Rh3 Qf6 25. f4 Rce7 26. Qd3 gxf4 27. Nxf4 Re4 28. Rf1 Qe7 29. Ng2 Rg4 30. Qe2 Qe4+ 31. Kc1 Qxg2 0-1

[Event "KGZ-ch U16"]
[Site "Bishkek"]
[Date "2019.01.05"]
[Round "2"]
[White "Kadyrkulov, Said"]
[Black "Tynybekov, Bakyt"]
[Result "1/2-1/2"]
[WhiteElo "1394"]
[BlackElo "1671"]
[PlyCount "70"]
[EventDate "2019.01.04"]
[EventType "swiss"]
[EventRounds "9"]
[EventCountry "KGZ"]
[SourceTitle "CBM 189 Extra"]
[Source "ChessBase"]
[SourceDate "2019.06.03"]
[SourceVersion "1"]
[SourceVersionDate "2019.06.03"]
[SourceQuality "1"]

1. e4 c5 2. Nf3 Nc6 3. d4 cxd4 4. Nxd4 d6 5. Nc3 a6 6. Be2 g6 7. Be3 Bg7 8. Qd2 Nf6 9. 0-0-0 Qc7 10. Kb1 Nxd4 11. Bxd4 Be6 12. g4 Qa5 13. a3 0-0 14. g5 Nd7 15. Bxg7 Kxg7 16. h4 Kg8 17. Nd5 Qxd2 18. Nxe7+ Kg7 19. Rxd2 Rfe8 20. Nd5 Bxd5 21. exd5 Re7 22. f4 Rae8 23. Bg4 Nb6 24. b3 Re1+ 25. Rxe1 Rxe1+ 26. Kb2 Re4 27. Rf2 Nxd5 28. Bc8 Re7 29. f5 gxf5 30. Bxf5 Ne3 31. Kc1 a5 32. Bd3 Re5 33. Rf6 Re6 34. Rf2 Re5 35. Kd2 Nd5 1/2-1/2

[Event "Bishkek Smart Cup 4th"]
[Site "Bishkek"]
[Date "2019.??.??"]
[Round "2"]
[White "Tynybekov, Bakyt"]
[Black "Azarov, Azim"]
[Result "1-0"]
[WhiteElo "1730"]
[BlackElo "1236"]
[PlyCount "59"]
[EventDate "2019.02.01"]
[EventType "swiss"]
[EventRounds "9"]
[EventCountry "KGZ"]
[SourceTitle "EXT 2021"]
[Source "ChessBase"]
[SourceDate "2020.10.23"]
[SourceVersion "1"]
[SourceVersionDate "2020.10.23"]
[SourceQuality "1"]

1. d4 d5 2. c4 e6 3. Nc3 Nf6 4. Bf4 Be7 5. c5 0-0 6. Nf3 b6 7. b4 a5 8. a3 Ne4 9. Rc1 axb4 10. axb4 Nxc3 11. Rxc3 Nc6 12. b5 Nb4 13. Qb1 bxc5 14. dxc5 d4 15. Rc4 Nd5 16. Rxd4 Bxc5 17. Rc4 Bb4+ 18. Bd2 Bxd2+ 19. Nxd2 Nb6 20. Rc1 Qd4 21. e3 Qd7 22. Bd3 h6 23. Be4 Ra5 24. Bc6 Qe7 25. 0-0 Bd7 26. Nb3 Ra7 27. Rfd1 Bxc6 28. bxc6 Rb8 29. Nc5 Nc4 30. Qxb8+ 1-0

[Event "Bishkek Smart Cup 4th"]
[Site "Bishkek"]
[Date "2019.??.??"]
[Round "8"]
[White "Tynybekov, Bakyt"]
[Black "Sakibaev, Nursultan"]
[Result "1-0"]
[WhiteElo "1730"]
[BlackElo "1670"]
[PlyCount "107"]
[EventDate "2019.02.01"]
[EventType "swiss"]
[EventRounds "9"]
[EventCountry "KGZ"]
[SourceTitle "EXT 2021"]
[Source "ChessBase"]
[SourceDate "2020.10.23"]
[SourceVersion "1"]
[SourceVersionDate "2020.10.23"]
[SourceQuality "1"]

1. d4 d5 2. c4 e6 3. Nc3 a6 4. e3 Nf6 5. a3 dxc4 6. Bxc4 c5 7. Nf3 b5 8. Be2 Nc6 9. 0-0 Bb7 10. dxc5 Bxc5 11. b4 Be7 12. Bb2 Qb6 13. Qb3 0-0 14. Rfd1 Rfd8 15. h3 Bd6 16. Rd2 Ne5 17. Rad1 Nxf3+ 18. Bxf3 Bxf3 19. gxf3 Bc7 20. Ne2 Nd5 21. e4 Ne7 22. Qe3 Ng6 23. f4 Rxd2 24. Rxd2 Rd8 25. Qc3 f6 26. Rxd8+ Bxd8 27. Qb3 Kf8 28. Bd4 Qc6 29. Bc5+ Be7 30. Nd4 Qxe4 31. Nxe6+ Ke8 32. Nxg7+ Kd7 33. Qe3 Qxe3 34. Bxe3 Bd6 35. Nh5 Ke6 36. Kg2 Ne7 37. Kf3 Nc6 38. Ke4 f5+ 39. Kd3 Bf8 40. Ng3 a5 41. bxa5 Nxa5 42. Ne2 Bxa3 43. Nd4+ Kf6 44. Nxb5 Be7 45. Kd4 Nc6+ 46. Kd5 Nb4+ 47. Kc4 Nc6 48. Bc5 Na5+ 49. Kd5 Bxc5 50. Kxc5 Nb3+ 51. Kd6 Nd2 52. Kd5 Ne4 53. f3 Nf2 54. h4 1-0

[Event "KGZ-ch HL"]
[Site "Bishkek"]
[Date "2018.05.14"]
[Round "4"]
[White "Takyrbashev, Tilek"]
[Black "Tynybekov, Bakyt"]
[Result "1-0"]
[WhiteElo "2101"]
[BlackElo "1554"]
[PlyCount "53"]
[EventDate "2018.05.11"]
[EventType "swiss"]
[EventRounds "9"]
[EventCountry "KGZ"]
[SourceTitle "EXT 2019"]
[Source "ChessBase"]
[SourceDate "2018.10.10"]
[SourceVersion "1"]
[SourceVersionDate "2018.10.10"]
[SourceQuality "1"]

1. e4 e6 2. d4 d5 3. Nd2 Nf6 4. Bd3 b6 5. Ngf3 Bb7 6. e5 Nfd7 7. 0-0 c5 8. c3 a6 9. Re1 b5 10. Nf1 h6 11. Bc2 Nc6 12. Ng3 Rc8 13. Bf4 Qb6 14. Nh5 cxd4 15. cxd4 Nb4 16. Bb3 a5 17. a3 Nc6 18. Rc1 a4 19. Bxd5 exd5 20. e6 fxe6 21. Rxe6+ Kf7 22. Qd3 Nf6 23. Qf5 Qd8 24. Rcxc6 Bxc6 25. Rxf6+ Kg8 26. Qe6+ Kh7 27. Rxh6+ 1-0

[Event "KGZ-ch HL"]
[Site "Bishkek"]
[Date "2018.05.13"]
[Round "3"]
[White "Zholdoshmamatov, Adilet"]
[Black "Tynybekov, Bakyt"]
[Result "1/2-1/2"]
[WhiteElo "1533"]
[BlackElo "1554"]
[PlyCount "41"]
[EventDate "2018.05.11"]
[EventType "swiss"]
[EventRounds "9"]
[EventCountry "KGZ"]
[SourceTitle "EXT 2019"]
[Source "ChessBase"]
[SourceDate "2018.10.10"]
[SourceVersion "1"]
[SourceVersionDate "2018.10.10"]
[SourceQuality "1"]

1. e4 e6 2. d4 d5 3. exd5 exd5 4. Nf3 Nf6 5. Bd3 Bd6 6. Bg5 Qe7+ 7. Qe2 Qxe2+ 8. Bxe2 Ne4 9. Be3 0-0 10. Nc3 Bb4 11. Bd2 Bxc3 12. Bxc3 Re8 13. Bd2 Bg4 14. Be3 Nc6 15. c3 Nd6 16. h3 Bxf3 17. Bxf3 Nc4 18. Bxd5 Nxe3 19. fxe3 Rxe3+ 20. Kd2 Rae8 21. Rae1 1/2-1/2

[Event "KGZ-ch HL"]
[Site "Bishkek"]
[Date "2018.05.11"]
[Round "1"]
[White "Isakjanov, Kelsinbek"]
[Black "Tynybekov, Bakyt"]
[Result "1-0"]
[WhiteElo "2084"]
[BlackElo "1554"]
[PlyCount "75"]
[EventDate "2018.05.11"]
[EventType "swiss"]
[EventRounds "9"]
[EventCountry "KGZ"]
[SourceTitle "EXT 2019"]
[Source "ChessBase"]
[SourceDate "2018.10.10"]
[SourceVersion "1"]
[SourceVersionDate "2018.10.10"]
[SourceQuality "1"]

1. d4 Nf6 2. c4 e6 3. Nf3 b6 4. g3 Bb7 5. Bg2 c5 6. 0-0 Nc6 7. dxc5 Bxc5 8. Nc3 0-0 9. a3 a5 10. Na4 d6 11. Rb1 Qc7 12. Nc3 h6 13. Bd2 Qe7 14. e3 Rfd8 15. Qa4 Ne5 16. Nd4 Bxg2 17. Kxg2 Rac8 18. b3 Qb7+ 19. f3 g5 20. h3 h5 21. b4 axb4 22. axb4 Bxd4 23. exd4 Nxf3 24. Rxf3 g4 25. hxg4 hxg4 26. Rbf1 gxf3+ 27. Rxf3 Rxc4 28. Qb5 d5 29. Rxf6 Rxd4 30. Rf2 Rc4 31. Na4 d4+ 32. Kg1 Qc7 33. Qh5 Kf8 34. Qh6+ Kg8 35. Rh2 f6 36. Qh8+ Kf7 37. Rh7+ Kg6 38. Rxc7 1-0

[Event "Moscow ACF Botvinnik Memorial"]
[Site "Moscow"]
[Date "2017.11.04"]
[Round "6"]
[White "Tynybekov, Bakyt"]
[Black "Barseghyan, Armen Ar"]
[Result "0-1"]
[WhiteElo "1546"]
[BlackElo "2210"]
[PlyCount "68"]
[EventDate "2017.11.02"]
[EventType "tourn"]
[EventRounds "11"]
[EventCountry "RUS"]
[SourceTitle "CBM 181 Extra"]
[Source "ChessBase"]
[SourceDate "2017.12.12"]
[SourceVersion "1"]
[SourceVersionDate "2017.12.12"]
[SourceQuality "1"]

1. d4 Nf6 2. c4 c5 3. d5 e6 4. dxe6 fxe6 5. Bf4 d5 6. e3 Bd6 7. Bg5 0-0 8. Nc3 Be5 9. Nf3 Bxc3+ 10. bxc3 b6 11. Be2 Bb7 12. 0-0 Nbd7 13. a4 Qe8 14. Bxf6 Nxf6 15. a5 Ne4 16. Qc2 dxc4 17. axb6 axb6 18. Rxa8 Bxa8 19. Ne5 b5 20. f4 Nf6 21. Rb1 Be4 22. Qb2 Bxb1 23. Qxb1 Nd5 24. Qc1 Qe7 25. g3 Ra8 26. e4 Nf6 27. Qe3 Qd6 28. Bf3 Ra2 29. g4 Nd7 30. Nxd7 Qxd7 31. Qxc5 h6 32. Qe5 Rd2 33. f5 Qa7+ 34. Kh1 Qa1+ 0-1

[Event "Moscow ACF Botvinnik Memorial"]
[Site "Moscow"]
[Date "2017.11.03"]
[Round "4"]
[White "Tynybekov, Bakyt"]
[Black "Nurmamedov, Azat"]
[Result "0-1"]
[WhiteElo "1546"]
[BlackElo "2189"]
[PlyCount "110"]
[EventDate "2017.11.02"]
[EventType "tourn"]
[EventRounds "11"]
[EventCountry "RUS"]
[SourceTitle "CBM 181 Extra"]
[Source "ChessBase"]
[SourceDate "2017.12.12"]
[SourceVersion "1"]
[SourceVersionDate "2017.12.12"]
[SourceQuality "1"]

1. d4 Nf6 2. c4 e6 3. Nc3 Bb4 4. a3 Bxc3+ 5. bxc3 d6 6. g3 0-0 7. Bg2 h6 8. Nf3 c5 9. 0-0 Nc6 10. Bf4 Nh5 11. Bc1 Nf6 12. Bf4 Nh5 13. Bc1 Qa5 14. Qb3 Qc7 15. dxc5 dxc5 16. Be3 b6 17. Rfd1 Ba6 18. Qa4 Bb7 19. Rd2 Rad8 20. Rad1 Na5 21. Rxd8 Rxd8 22. Rxd8+ Qxd8 23. Nd2 Ba6 24. Be4 Nf6 25. Bd3 Ng4 26. Nf1 Ne5 27. Qd1 Kf8 28. Bc2 Qxd1 29. Bxd1 Nexc4 30. Bc1 Nb7 31. e3 Nbd6 32. Be2 Ne4 33. Bxc4 Bxc4 34. Bb2 Bxf1 35. Kxf1 Ke7 36. Ke2 c4 37. f3 Nc5 38. Bc1 Nd3 39. Kd1 Kd6 40. a4 Nxc1 41. Kxc1 Kc5 42. Kb2 a6 43. Ka3 f5 44. h3 g6 45. Kb2 e5 46. e4 fxe4 47. fxe4 b5 48. axb5 axb5 49. Ka3 b4+ 50. cxb4+ Kb5 51. g4 g5 52. Kb2 Kxb4 53. Kc2 c3 54. Kb1 Kb3 55. Kc1 c2 0-1

[Event "Moscow ACF Botvinnik Memorial"]
[Site "Moscow"]
[Date "2017.11.03"]
[Round "3"]
[White "Yeritsyan, Aram"]
[Black "Tynybekov, Bakyt"]
[Result "1-0"]
[WhiteElo "2293"]
[BlackElo "1546"]
[PlyCount "59"]
[EventDate "2017.11.02"]
[EventType "tourn"]
[EventRounds "11"]
[EventCountry "RUS"]
[SourceTitle "CBM 181 Extra"]
[Source "ChessBase"]
[SourceDate "2017.12.12"]
[SourceVersion "1"]
[SourceVersionDate "2017.12.12"]
[SourceQuality "1"]

1. e4 e6 2. d4 d5 3. Nc3 Nf6 4. Bg5 Be7 5. e5 Nfd7 6. h4 a6 7. Qg4 g6 8. Bxe7 Qxe7 9. h5 c5 10. hxg6 fxg6 11. Bd3 cxd4 12. Bxg6+ Kd8 13. Qxd4 Qg7 14. Bd3 Qxg2 15. Qh4+ Kc7 16. f4 Nc6 17. Nge2 Qg7 18. 0-0-0 Nf8 19. Rdg1 Qf7 20. Qh6 Bd7 21. Rg7 Qe8 22. f5 Nxe5 23. Qf4 Kd6 24. f6 Nfg6 25. Bxg6 hxg6 26. Re1 Rh5 27. Ng3 Qh8 28. Nxh5 Qxh5 29. Rxe5 Qxe5 30. Rxd7+ 1-0